000 00565nam a2200241Ia 4500
005 20260306150740.0
008 008 260114s9999 xx 000 0 eng d
020 _a9780674420267
037 _aEbook
040 _aCRL
040 _beng
040 _cCRL
041 _2eng
041 _aeng
084 _qCRL
245 0 _aMental Health in the United States
260 _bHarvard University Press
260 _c1961
650 _aMedicine
856 _uhttps://www.degruyter.com/isbn/9780674420267
942 _cEBOOK
999 _c1699300
_d1699300